000 00266nam a2200109Ia 4500
005 20251222153625.0
008 251222s9999||||xx |||||||||||||| ||spa||
082 _a709/A61
100 _a"Angulo IƱiguez, Diego"
245 0 _aManual de historia del arte
942 _cLIB
999 _c32142
_d32142